Sublime Album- Every Song - Statistics

General Stats
  • This quiz has been taken 68 times
  • The average score is 9 of 17
Answer Stats
Answer % Correct
Santeria
93%
Wrong Way
84%
What I Got
81%
Garden Grove
72%
Caress Me Down
56%
Jailhouse
53%
Doin Time
51%
Burritos
49%
Pawn Shop
49%
Seed
44%
April 29, 1992
42%
Get Ready
40%
Same in the End
37%
Under my Voodoo
37%
What I Got (Reprise)
37%
Paddle Out
30%
The Ballard of Johnny Butt
5%
No matching quizzes found
Score Distribution
Percent of People with Each Score
Percentile by Number Answered
Your Score History
You have not taken this quiz